000 00580nam a22002057a 4500
003 MPLRDC
005 20220104201541.0
008 210129b ||||| |||| 00| 0 eng d
020 _a7-5633-3077-1
082 _a797 STE v.1
100 _a奥雷尔·斯坦因
245 _a重返和田绿洲
_c刘文锁 译
250 _a初版一刷
260 _a中国
_b广西师范大学出版社
_c2000
300 _b
490 _a西域游历之一
520 _a上架 2017-06-02。 2017-01-20 铅笔标记--pg.2-23。
650 _a中国古物志
942 _cBK
_o797 STE v.1
999 _c67226
_d67216